Normal view MARC view
  • Soviet Union

Entry Geographic Name

Number of records used in: 1

001 - CONTROL NUMBER

  • control field: 106327

003 - CONTROL NUMBER IDENTIFIER

  • control field: NUST

005 - DATE AND TIME OF LATEST TRANSACTION

  • control field: 20221229114409.0

008 - FIXED-LENGTH DATA ELEMENTS

  • fixed length control field: 221229|| aca||aabn | a|a d

040 ## - CATALOGING SOURCE

  • Original cataloging agency: NUST
  • Transcribing agency: NUST

151 ## - HEADING--GEOGRAPHIC NAME

  • Geographic name: Soviet Union
  • General subdivision: Armed Forces
  • General subdivision: Communication systems

670 ## - SOURCE DATA FOUND

  • Source citation: Work cat.: (NUST)185627: Munro, Neil. 48693, Electronic combat and modern warfare :, 1991.
© 2023 Central Library, National University of Sciences and Technology. All Rights Reserved.